Odchylné úpravy nemocenského pojištění pro některé skupiny pracovníků

Saved in:
Bibliographic Details
Format: Book
Language:Czech
Published: Praha Práce 1982
Series:Příručky Práce
Tags: Add Tag
No Tags, Be the first to tag this record!

MARC

LEADER 00000nam a2200000 4500
001 c130715
005 20050302095236.6
041 0 |a cze 
044 |a CZ 
245 1 0 |a Odchylné úpravy nemocenského pojištění pro některé skupiny pracovníků 
264 1 |a Praha  |b Práce  |c 1982 
300 |a 197 s. 
490 1 |a Příručky Práce 
830 0 |a Příručky Práce